La Financiación de la política en Iberoamerica /

Guardado en:
Bibliografiske detaljer
Hovedforfatter: Castillo, Pilar del
Institution som forfatter: Instituto Interamericano de Derechos Humanos
Andre forfattere: Zovatto G., Daniel edit
Format: Texto
Udgivet: San José: Instituto Interamericano de Derechos Humanos
Fag:
Tags: Tilføj Tag
Ingen Tags, Vær først til at tagge denne postø!

MARC

LEADER 00000 a a2200000 04500
001 31204
003
040
020 |a 9968-778-21-4  
090 |a 196107  
100 |a Castillo, Pilar del  
110 |a Instituto Interamericano de Derechos Humanos  
245 |a La Financiación de la política en Iberoamerica /  |c Pilar del Castillo  
260 |a San José:   |b Instituto Interamericano de Derechos Humanos  
300 |a 736 p.  
650 |a FINANCIAMIENTO DE LA POLITICA  
650 |a PARTIDOS POLITICOS  
650 |a LEGISLACION  
650 |a PANAMA  
700 |a Zovatto G., Daniel   |a edit.  
999 |c 5476  |d 5476